Представление документа в формате RUSMARC

Поле Инд. ПП Название Значение
Тип записи a
Библиографический уровень a
001 Контрольный номер 22cb32ddee75466e8c45a319a770aaad
005 Дата корректировки 20230823125414.6
100 a Данные общей обработки 20230823 ||| 0rusy0189 ca
101 0_ a Язык текста rus
102 a Страна публикации RU
200 1_ f Первые сведения об ответственности О.А. Глобенко, Н.А. Шеяфетдинова
a Заглавие "Цифровое право" vs "цифровизация права"
b Общее обозначение материала Текст
203 a Вид содержания Текст : электронный
210 1_ d Дата издания 2023
461 _0 1 2000
a Государство и право
463 _0 1 2000
a № 4
b Электронный ресурс
v С. 66-71
1 2101
d 2023
1 0014e2ad854967545c68798e4c2aef3d4d2
606 a Основная рубрика Право. Юридические науки
x Основная подрубрика Общая теория права
610 0_ a Ключевые слова ЦИФРОВОЕ ПРАВО
a Ключевые слова ЦИФРОВИЗАЦИЯ ПРАВА
700 _1 a Фамилия Глобенко
b Имя О.А.
701 _1 a Фамилия Шеяфетдинова
b Имя Н.А.
801 _0 a Страна RU
b Организация РГУП
c Дата составления 20230823
g Правила каталогизации PSBO
801 _1 a Страна RU
b Организация РГУП
c Дата составления 20230823
g Правила каталогизации PSBO
901 t Тип документа b
w Контрольный № источника 4e2ad854967545c68798e4c2aef3d4d2
905 a Дата ввода 20230823